000 00305nam a2200133Ia 4500
008 220524s9999 xx 000 0 und d
041 _aeng
082 _a746.1
100 _aAl-aadim Quserir
_96306
245 _aResist Dyed Textiles
260 _bA.E.D.T.A Paris
650 _aDyeing
_96307
906 _a405
999 _c6786
_d6786